000 00649nam a2200181Ia 4500
008 100921s9999 xx 000 0 und d
082 _b9355
_a635.9 थ 74
100 _aदेशपांडे रा.ख.
245 _aदारी गुलाब फुलवा.
260 _bकेसरी प्रकाशन,पुणे.
_c1974
300 _a152
_b---
365 _b12
520 _aतं.वि.फुलबाग-झाडे.
630 _aदारी गुलाब फुलवा.
650 _aतं.वि.फुलबाग-झाडे.
730 _aदारी गुलाब फुलवा.
942 _cBOOK
999 _c758468
_d758465